[Event "Olomouc 2008 - IM - B"]
[Site "?"]
[Date "2008.08.03"]
[Round "7.2"]
[White "Havlikova, Kristyna"]
[Black "Sluka, Radek"]
[Result "1-0"]
[WhiteElo "2135"]
[BlackElo "2326"]
[PlyCount "87"]
[EventDate "2008.07.30"]

1. e4 c5 2. Nf3 d6 3. d4 cxd4 4. Nxd4 Nf6 5. Nc3 g6 6. Be3 Bg7 7. f3 O-O 8. Qd2
Nc6 9. Bc4 Bd7 10. O-O-O Rc8 11. Bb3 Ne5 12. Kb1 Nc4 13. Bxc4 Rxc4 14. g4 b5
15. b3 b4 16. bxc4 bxc3 17. Qxc3 Qc7 18. g5 Nh5 19. Kc1 Be5 20. Kd2 Nf4 21. h4
f5 22. Rhf1 Nh5 23. c5 dxc5 24. Qc4+ Kh8 25. Nb3 Ng3 26. Rfe1 fxe4 27. Qxc5
exf3 28. Qxc7 Bxc7 29. Bd4+ Kg8 30. Rxe7 Bf4+ 31. Ke1 f2+ 32. Bxf2 Bg4 33. Rd4
Nh5 34. Nc5 Rb8 35. Nb7 Kf8 36. Rxh7 Re8+ 37. Kf1 Kg8 38. Rxh5 Bh3+ 39. Kg1 Be5
40. Rh6 Bf5 41. Rh5 Bxd4 42. Bxd4 Re4 43. Rh8+ Kf7 44. Nd6+ 1-0

[Event "Olomouc 2008 - IM - B"]
[Site "?"]
[Date "2008.08.03"]
[Round "7.5"]
[White "Neoral, Antonin"]
[Black "Langrock, Hannes"]
[Result "1/2-1/2"]
[WhiteElo "2169"]
[BlackElo "2398"]
[PlyCount "48"]
[EventDate "2008.07.30"]

1. e4 e6 2. d3 c5 3. Nf3 b6 4. g3 Bb7 5. Bg2 d6 6. O-O Nf6 7. b3 Be7 8. Bb2 O-O
9. Nbd2 Nc6 10. Nc4 d5 11. exd5 Nxd5 12. Re1 Rb8 13. Qd2 Bf6 14. Bxf6 Nxf6 15.
a4 Nd4 16. Nxd4 cxd4 17. Bxb7 Rxb7 18. Qf4 Rd7 19. Re5 Qb8 20. Rae1 Rfd8 21. h4
h5 22. Qf3 Rd5 23. Qf4 Rxe5 24. Rxe5 Kf8 1/2-1/2

[Event "Olomouc 2008 - IM - B"]
[Site "?"]
[Date "2008.08.04"]
[Round "8.1"]
[White "Arslanov, Shamil"]
[Black "Bures, Jaroslav"]
[Result "1/2-1/2"]
[WhiteElo "2228"]
[BlackElo "2243"]
[PlyCount "108"]
[EventDate "2008.07.30"]

1. e4 c6 2. d4 d5 3. exd5 cxd5 4. c4 Nf6 5. Nc3 Nc6 6. Nf3 e6 7. c5 Be7 8. Bb5
O-O 9. O-O a5 10. Na4 Ra7 11. a3 Bd7 12. Bd3 Be8 13. Re1 Nd7 14. Bd2 Bf6 15.
Bc3 Qb8 16. Bb5 Bd8 17. b4 Bc7 18. Qb1 axb4 19. axb4 Nf6 20. Bd3 Ne4 21. Bxe4
dxe4 22. Rxe4 Ne7 23. b5 Nd5 24. Be1 Qa8 25. Qb3 Ba5 26. b6 Bxa4 27. Rxa4 Bxb6
28. Rxa7 Bxa7 29. Re2 b6 30. Ra2 Qb7 31. Qa3 Bb8 32. cxb6 Qxb6 33. Qc5 Qb1 34.
Qc2 Qxc2 35. Rxc2 Ba7 36. g3 Bb6 37. Kg2 Ra8 38. Bd2 f6 39. Rc4 Kf7 40. h4 Ra2
41. Kg1 Ra3 42. Kg2 Rd3 43. Bb4 h5 44. Bc5 Rb3 45. Rc2 Ba5 46. Ra2 Rb5 47. Nd2
Bxd2 48. Rxd2 Kg6 49. Bd6 Kf5 50. Re2 Rb3 51. Bf8 g6 52. Rd2 Rb1 53. Bh6 Re1
54. Bg7 Rb1 1/2-1/2

[Event "Olomouc 2008 - IM - B"]
[Site "?"]
[Date "2008.08.04"]
[Round "8.2"]
[White "Langrock, Hannes"]
[Black "Tibensky, Robert"]
[Result "1-0"]
[WhiteElo "2398"]
[BlackElo "2416"]
[PlyCount "57"]
[EventDate "2008.07.30"]

1. e4 e6 2. d4 d5 3. Nc3 Nf6 4. e5 Nfd7 5. f4 c5 6. Nf3 Nc6 7. Be3 a6 8. Qd2 b5
9. a3 Qb6 10. Ne2 a5 11. c3 Rb8 12. f5 c4 13. Nf4 Nd8 14. Be2 Qc6 15. fxe6 Nxe6
16. Nxe6 fxe6 17. Ng5 Be7 18. O-O Nf8 19. Bh5+ g6 20. Bg4 Rb7 21. Qf2 Bxg5 22.
Bxg5 Qd7 23. Qf6 Rg8 24. Bh6 Qe7 25. h4 Qxf6 26. Rxf6 Rf7 27. Raf1 Rxf6 28.
Rxf6 Ke7 29. Kh2 1-0

[Event "Olomouc 2008 - IM - B"]
[Site "?"]
[Date "2008.08.04"]
[Round "8.3"]
[White "Cernin, Radim"]
[Black "Neoral, Antonin"]
[Result "1-0"]
[WhiteElo "2277"]
[BlackElo "2169"]
[PlyCount "61"]
[EventDate "2008.07.30"]

1. e4 c5 2. Nf3 Nc6 3. d4 cxd4 4. Nxd4 g6 5. Nc3 Bg7 6. Nb3 Nf6 7. Be2 O-O 8.
Be3 d6 9. f4 a6 10. g4 b5 11. g5 Nd7 12. Qd2 Bb7 13. a3 Rc8 14. h4 Re8 15. h5
Nb6 16. hxg6 hxg6 17. Rh4 b4 18. Nd1 a5 19. Bd3 a4 20. Nc1 bxa3 21. Rxa3 Qc7
22. Qf2 Nd7 23. Rxa4 Ra8 24. Rxa8 Rxa8 25. Bd2 Nc5 26. Bc3 Bxc3+ 27. Nxc3 e6
28. f5 Ne5 29. f6 Qd8 30. Be2 Ned7 31. Qh2 1-0

[Event "Olomouc 2008 - IM - B"]
[Site "?"]
[Date "2008.08.04"]
[Round "8.4"]
[White "Blomqvist, Erik"]
[Black "Tikkanen, Hans"]
[Result "1/2-1/2"]
[WhiteElo "2322"]
[BlackElo "2417"]
[PlyCount "111"]
[EventDate "2008.07.30"]

1. e4 e5 2. Nf3 Nc6 3. Bb5 Nf6 4. O-O Nxe4 5. d4 Nd6 6. Bxc6 dxc6 7. dxe5 Nf5
8. Qxd8+ Kxd8 9. Nc3 Bd7 10. h3 h6 11. b3 Ne7 12. Bb2 Ng6 13. Rad1 Kc8 14. Rd2
Be7 15. Ne2 Rg8 16. Rfd1 Nf8 17. Nf4 g5 18. e6 Bxe6 19. Nxe6 Nxe6 20. Ne5 Nd8
21. Ng4 h5 22. Nh6 Re8 23. Re2 b5 24. Ba3 Ne6 25. Bxe7 Rxe7 26. Nxf7 Rxf7 27.
Rxe6 Kb7 28. Rg6 Rf5 29. c4 Re8 30. Rg7 Kb6 31. Kf1 h4 32. Rdd7 Rfe5 33. f4 Rf5
34. Rdf7 Rf8 35. Rxc7 Rxf4+ 36. Kg1 Rf1+ 37. Kh2 Rb1 38. Rb7+ Ka5 39. Rxa7+ Kb4
40. Raf7 Rd8 41. Rd7 Rf8 42. Rdf7 Rd8 43. Rd7 Rxd7 44. Rxd7 bxc4 45. Rd4 Rc1
46. Rg4 c5 47. bxc4 Rxc4 48. Rxg5 Ka3 49. Kg1 Kxa2 50. Kf2 Rc2+ 51. Ke3 Kb3 52.
Rh5 Rxg2 53. Rxc5 Rg3+ 54. Kf4 Rxh3 55. Kg4 Rc3 56. Rxc3+ 1/2-1/2

[Event "Olomouc 2008 - IM - B"]
[Site "?"]
[Date "2008.08.04"]
[Round "8.5"]
[White "Sluka, Radek"]
[Black "Golichenko, Ilija"]
[Result "0-1"]
[WhiteElo "2326"]
[BlackElo "2381"]
[PlyCount "68"]
[EventDate "2008.07.30"]

1. e4 c5 2. Nf3 d6 3. c3 Nf6 4. Be2 Nc6 5. d3 e6 6. O-O Be7 7. Re1 O-O 8. Bf1
Rb8 9. d4 cxd4 10. cxd4 b5 11. h3 a6 12. Bf4 Bb7 13. Nbd2 Rc8 14. a4 Nb4 15.
axb5 axb5 16. Rc1 Rxc1 17. Qxc1 Qb6 18. Qc3 d5 19. e5 Ne4 20. Qb3 Rc8 21. Nb1
Nc2 22. Re2 Nxd4 23. Nxd4 Qxd4 24. Qxb5 Bc6 25. Qa6 Rc7 26. Be3 Qxe5 27. Bb6
Bd6 28. g3 Bb7 29. Qb5 Rc1 30. Nc3 h5 31. Qe8+ Kh7 32. Be3 Nxg3 33. Bxc1 Nxe2+
34. Kg2 d4+ 0-1

[Event "Olomouc 2008 - IM - B"]
[Site "?"]
[Date "2008.08.04"]
[Round "8.6"]
[White "Lahiri, Atanu"]
[Black "Havlikova, Kristyna"]
[Result "0-1"]
[WhiteElo "2338"]
[BlackElo "2135"]
[PlyCount "142"]
[EventDate "2008.07.30"]

1. d4 Nf6 2. c4 g6 3. Nc3 d5 4. Bf4 Bg7 5. e3 c5 6. dxc5 Qa5 7. Rc1 dxc4 8.
Bxc4 O-O 9. Nge2 Qxc5 10. Qb3 Qh5 11. Nb5 Nc6 12. Ng3 Qh4 13. Nc7 e5 14. Bxe5
Nxe5 15. Nxa8 Bh3 16. gxh3 Rxa8 17. Qxb7 Rd8 18. Ba6 Bf8 19. O-O Qxh3 20. Rfd1
Rd5 21. Be2 Neg4 22. Bxg4 Nxg4 23. Nf1 Bd6 24. f4 Bc5 25. Rd4 Bxd4 26. exd4
Rxd4 27. Qg2 Qxg2+ 28. Kxg2 Rxf4 29. Kg3 Rd4 30. Rc5 h5 31. Ra5 Rd1 32. Kg2 Rd7
33. b4 Kg7 34. h3 Nf6 35. Ne3 Ne4 36. b5 h4 37. Nc4 f5 38. Ne5 Rd2+ 39. Kf3 Kf6
40. Nc6 Rd3+ 41. Ke2 Rxh3 42. Nd4 Rh2+ 43. Ke3 Rb2 44. Rxa7 h3 45. Rh7 Rxa2 46.
b6 Rb2 47. b7 Nd6 48. Rxh3 Rxb7 49. Rh8 Re7+ 50. Kf3 Re4 51. Ne2 Nf7 52. Rf8
Kg7 53. Ra8 Ne5+ 54. Kf2 Ng4+ 55. Kf1 g5 56. Ng3 Re5 57. Ra6 Nf6 58. Kg2 f4 59.
Nf1 Kg6 60. Nh2 Kf5 61. Nf3 Rd5 62. Kf1 g4 63. Ne1 f3 64. Ra3 Kf4 65. Nd3+ Kg3
66. Nf2 Rd2 67. Nh1+ Kf4 68. Nf2 Ne4 69. Nd3+ Kg3 70. Ne1 Rh2 71. Kg1 Nf2 0-1

[Event "Olomouc 2008 - IM - B"]
[Site "?"]
[Date "2008.08.05"]
[Round "9.1"]
[White "Havlikova, Kristyna"]
[Black "Arslanov, Shamil"]
[Result "1/2-1/2"]
[WhiteElo "2135"]
[BlackElo "2228"]
[PlyCount "52"]
[EventDate "2008.07.30"]

1. e4 c5 2. Nf3 e6 3. d4 cxd4 4. Nxd4 a6 5. c4 Nf6 6. Nc3 Bb4 7. Bd3 Nc6 8.
Nxc6 dxc6 9. O-O e5 10. a3 Bc5 11. Qc2 a5 12. Rb1 Qe7 13. Na4 Bd4 14. c5 Be6
15. b4 axb4 16. axb4 O-O 17. Bb2 Rfd8 18. Bxd4 Rxd4 19. Rfd1 Rad8 20. Nc3 Nh5
21. Ne2 R4d7 22. Qc3 Qg5 23. Bc2 Bg4 24. f3 Bh3 25. g3 Nf4 26. Kf2 Nxe2 1/2-1/2

[Event "Olomouc 2008 - IM - B"]
[Site "?"]
[Date "2008.08.05"]
[Round "9.2"]
[White "Golichenko, Ilija"]
[Black "Lahiri, Atanu"]
[Result "1-0"]
[WhiteElo "2381"]
[BlackElo "2338"]
[PlyCount "73"]
[EventDate "2008.07.30"]

1. d4 Nf6 2. c4 g6 3. Nc3 Bg7 4. e4 d6 5. Be2 O-O 6. Bg5 Na6 7. Qd2 e5 8. d5 c6
9. Bd3 cxd5 10. cxd5 Bd7 11. Nge2 Nc5 12. Bc2 Qa5 13. a4 Qb6 14. O-O Nb3 15.
Bxb3 Qxb3 16. Nc1 Qb4 17. Nd3 Qd4 18. Qe2 Bg4 19. Qe3 Rfc8 20. f3 Qxe3+ 21.
Bxe3 Bd7 22. Rfc1 Ne8 23. Ra3 Bf6 24. Rb3 Rc7 25. Kf2 Be7 26. Nb5 Rxc1 27. Nxc1
Bd8 28. Nxa7 f5 29. Rxb7 Nf6 30. Nc6 fxe4 31. Bg5 e3+ 32. Ke2 Bxc6 33. dxc6 Ne8
34. Bxd8 Rxd8 35. Nb3 Kf8 36. Na5 d5 37. Kxe3 1-0

[Event "Olomouc 2008 - IM - B"]
[Site "?"]
[Date "2008.08.05"]
[Round "9.3"]
[White "Tikkanen, Hans"]
[Black "Sluka, Radek"]
[Result "1/2-1/2"]
[WhiteElo "2417"]
[BlackElo "2326"]
[PlyCount "121"]
[EventDate "2008.07.30"]

1. d4 f5 2. Bg5 h6 3. Bh4 g5 4. e3 Nf6 5. Bg3 Bg7 6. h4 g4 7. Ne2 Nh5 8. Be5
Bxe5 9. dxe5 d6 10. exd6 Qxd6 11. Nbc3 Bd7 12. Qxd6 cxd6 13. Nd5 Na6 14. Nef4
Nxf4 15. exf4 Rc8 16. Bxa6 bxa6 17. O-O-O Kf7 18. Rd3 Rc4 19. g3 Rhc8 20. Ne3
R4c5 21. Rhd1 a5 22. Rd4 h5 23. R1d3 Bc6 24. Rd2 Be4 25. c3 Rb8 26. Rc4 Rbc8
27. Rdd4 Ke6 28. b3 Rxc4 29. Rxc4 Rxc4 30. Nxc4 a4 31. Ne3 axb3 32. axb3 Kd7
33. Kb2 Kc6 34. c4 Kc5 35. Kc3 a5 36. Nd1 e6 37. Nb2 Kc6 38. b4 axb4+ 39. Kxb4
Bc2 40. Kc3 Be4 41. Na4 Bf3 42. Kd4 Bd1 43. Nc3 Bf3 44. Na2 Be2 45. Nc1 Bf3 46.
Kc3 Bd1 47. Kd2 Ba4 48. Ne2 Kc5 49. Kc3 Bd7 50. Nd4 Bc8 51. Nb3+ Kc6 52. Kd4
Ba6 53. Nc1 Kb6 54. Nb3 Kc6 55. Kc3 Bc8 56. Nc1 Ba6 57. Nd3 Kb6 58. Kd4 Ka5 59.
Kc3 Kb6 60. Kb4 Kc6 61. Kc3 1/2-1/2

[Event "Olomouc 2008 - IM - B"]
[Site "?"]
[Date "2008.08.05"]
[Round "9.6"]
[White "Bures, Jaroslav"]
[Black "Langrock, Hannes"]
[Result "0-1"]
[WhiteElo "2243"]
[BlackElo "2398"]
[PlyCount "78"]
[EventDate "2008.07.30"]

1. e4 e6 2. d4 d5 3. e5 c5 4. c3 Bd7 5. a3 a6 6. b4 cxd4 7. cxd4 Bb5 8. Bxb5+
axb5 9. Bb2 Na6 10. Nc3 Nc7 11. f4 Ne7 12. Qf3 g6 13. Nce2 h5 14. Nh3 Nc8 15.
Rd1 Nb6 16. Ng5 Nc4 17. Bc1 Qd7 18. g3 O-O-O 19. h4 Ne8 20. Qb3 Nc7 21. Nc3 Nb6
22. Rd2 Kb8 23. Ra2 Na4 24. Nxb5 Qxb5 25. Nxf7 Be7 26. f5 exf5 27. Kf2 Ne6 28.
Be3 Rhf8 29. Nxd8 Bxd8 30. Kf3 Bb6 31. Rd1 Rc8 32. Rc2 Re8 33. Rcc1 Re7 34. Rc2
Rf7 35. Rcc1 Bd8 36. Rc2 Nb6 37. Ra1 Nc4 38. a4 Qd7 39. Qd3 f4 0-1

[Event "Olomouc 2008 - IM - B"]
[Site "?"]
[Date "2008.08.06"]
[Round "10.1"]
[White "Arslanov, Shamil"]
[Black "Langrock, Hannes"]
[Result "1/2-1/2"]
[WhiteElo "2228"]
[BlackElo "2398"]
[PlyCount "95"]
[EventDate "2008.07.30"]

1. e4 e6 2. d4 d5 3. Nc3 Nf6 4. e5 Nfd7 5. f4 c5 6. Nf3 Nc6 7. Be3 Be7 8. Qd2
O-O 9. dxc5 Bxc5 10. Bxc5 Nxc5 11. Bd3 Qb6 12. O-O-O Nb4 13. Kb1 Bd7 14. Be2
Rfc8 15. a3 a5 16. f5 exf5 17. Nxd5 Nxd5 18. Qxd5 Bc6 19. Qd4 Bb5 20. Bxb5 Qxb5
21. Qd5 Qb6 22. Ng5 Qg6 23. Nh3 Ne4 24. Nf4 Qb6 25. Qd4 Qc6 26. c3 Re8 27. Nd5
Rac8 28. Nb6 Rc7 29. g4 Rce7 30. gxf5 Rxe5 31. Rhg1 Qc5 32. Qxc5 Rxc5 33. Nd5
Kf8 34. Rd4 Rd8 35. Rgd1 g6 36. fxg6 hxg6 37. c4 Ng5 38. b4 axb4 39. axb4 Rc6
40. Kb2 Ne6 41. Rh4 Kg7 42. c5 g5 43. Re4 Nc7 44. Red4 Ne6 45. R4d2 Rcc8 46.
Nb6 Rxd2+ 47. Rxd2 Rc6 48. Rd7 1/2-1/2

[Event "Olomouc 2008 - IM - B"]
[Site "?"]
[Date "2008.08.06"]
[Round "10.2"]
[White "Cernin, Radim"]
[Black "Bures, Jaroslav"]
[Result "0-1"]
[WhiteElo "2277"]
[BlackElo "2243"]
[PlyCount "74"]
[EventDate "2008.07.30"]

1. d4 Nf6 2. Nf3 b6 3. Bg5 Bb7 4. Nbd2 c5 5. e3 cxd4 6. exd4 e6 7. Bd3 Be7 8.
c3 d6 9. O-O Nbd7 10. Re1 O-O 11. Qe2 Re8 12. Rad1 Rc8 13. Nf1 Qc7 14. Ng3 Bc6
15. Nd2 Rb8 16. Bxf6 Bxf6 17. Nge4 b5 18. Qh5 g6 19. Qf3 Bg7 20. Qg3 e5 21.
dxe5 dxe5 22. h4 f5 23. Ng5 h6 24. Nh3 Nf8 25. f3 Qf7 26. Bc2 Qf6 27. Qf2 Nd7
28. h5 g5 29. g4 e4 30. gxf5 exf3 31. Ne4 Qxf5 32. Nexg5 Qg4+ 33. Kh2 hxg5 34.
h6 Rxe1 35. Bb3+ Kh7 36. Rxe1 Be5+ 37. Rxe5 Nxe5 0-1

[Event "Olomouc 2008 - IM - B"]
[Site "?"]
[Date "2008.08.06"]
[Round "10.4"]
[White "Sluka, Radek"]
[Black "Neoral, Antonin"]
[Result "1-0"]
[WhiteElo "2326"]
[BlackElo "2169"]
[PlyCount "113"]
[EventDate "2008.07.30"]

1. e4 c5 2. Nf3 Nc6 3. d4 cxd4 4. Nxd4 g6 5. c4 Bg7 6. Be3 Nf6 7. Nc3 d6 8. Be2
O-O 9. O-O Bd7 10. Rc1 Nxd4 11. Bxd4 Bc6 12. Qd3 Nd7 13. Bxg7 Kxg7 14. b4 b6
15. f4 a5 16. b5 Bb7 17. Nd5 f6 18. Qe3 e6 19. Nc3 Qc7 20. Kh1 Nc5 21. Rcd1
Rad8 22. Rd2 Rf7 23. Rfd1 Rfd7 24. Bf3 e5 25. f5 Qb8 26. Be2 Qa8 27. Nd5 Bxd5
28. Rxd5 g5 29. h4 gxh4 30. Bf3 Qc8 31. Qf2 Na4 32. Qc2 Nc5 33. Qd2 Qc7 34. Qf2
Na4 35. Rc1 Rc8 36. Bd1 Nc5 37. Qxh4 Qd8 38. Rc3 Nb7 39. Rdd3 Kh8 40. Rh3 Rcc7
41. Rcg3 Rg7 42. Rg6 Nc5 43. Rh6 Qe7 44. Bh5 Nd7 45. Be8 Rxc4 46. Bxd7 Qxd7 47.
Qxf6 Kg8 48. Qxd6 Qxd6 49. Rxd6 Rxe4 50. Rc3 h5 51. Rxb6 Re1+ 52. Kh2 Re2 53.
Rg3 Rxg3 54. Kxg3 Rxa2 55. Rb8+ Kf7 56. b6 a4 57. b7 1-0

[Event "Olomouc 2008 - IM - B"]
[Site "?"]
[Date "2008.08.06"]
[Round "10.5"]
[White "Lahiri, Atanu"]
[Black "Tikkanen, Hans"]
[Result "0-1"]
[WhiteElo "2338"]
[BlackElo "2417"]
[PlyCount "76"]
[EventDate "2008.07.30"]

1. d4 d5 2. c4 e6 3. Nc3 c6 4. Nf3 dxc4 5. a4 Bb4 6. e3 b5 7. Bd2 a5 8. axb5
Bxc3 9. Bxc3 cxb5 10. b3 Bb7 11. bxc4 b4 12. Bb2 Nf6 13. Ne5 O-O 14. Bd3 Nfd7
15. Nxd7 Nxd7 16. O-O Qg5 17. d5 f5 18. Bc2 Nb6 19. f4 Qg6 20. Rf3 Nxc4 21.
Bxg7 Bxd5 22. Rg3 Nxe3 23. Qe2 Ng4 24. Bxf8 Kxf8 25. h3 Qg7 26. Rf1 Qd4+ 27.
Kh1 Nf6 28. Rd3 Ne4 29. Qh5 Qg7 30. Qh4 Kf7 31. Bd1 Kg8 32. Re1 Qf6 33. Qxf6
Nxf6 34. Ba4 Ne4 35. Kg1 Nc5 36. Rg3+ Kf7 37. Ra1 Nxa4 38. Rxa4 b3 0-1

[Event "Olomouc 2008 - IM - B"]
[Site "?"]
[Date "2008.08.06"]
[Round "10.6"]
[White "Havlikova, Kristyna"]
[Black "Golichenko, Ilija"]
[Result "0-1"]
[WhiteElo "2135"]
[BlackElo "2381"]
[PlyCount "66"]
[EventDate "2008.07.30"]

1. e4 c5 2. Nf3 d6 3. d4 cxd4 4. Nxd4 Nf6 5. Nc3 a6 6. Be2 e5 7. Nf3 h6 8. O-O
Be6 9. Re1 Be7 10. Bf1 O-O 11. h3 Nbd7 12. Nh2 Rc8 13. Ng4 Nxg4 14. hxg4 Nf6
15. g5 hxg5 16. Bxg5 Qb6 17. Rb1 Ng4 18. Be3 Nxe3 19. Rxe3 g6 20. Be2 Kg7 21.
Bg4 Rc4 22. Qe2 Rd4 23. Bxe6 fxe6 24. Nd1 Bg5 25. Rd3 Qc6 26. Nc3 Qb6 27. Nd1
Rf4 28. Nc3 Rxd3 29. cxd3 Rxf2 30. Qxf2 Be3 31. Rf1 Bxf2+ 32. Rxf2 Qe3 33. Kf1
Qc1+ 0-1

[Event "Olomouc 2008 - IM - B"]
[Site "?"]
[Date "2008.08.07"]
[Round "11.1"]
[White "Golichenko, Ilija"]
[Black "Arslanov, Shamil"]
[Result "1/2-1/2"]
[WhiteElo "2381"]
[BlackElo "2228"]
[PlyCount "58"]
[EventDate "2008.07.30"]

1. d4 d5 2. c4 dxc4 3. Nf3 e6 4. e3 c5 5. Bxc4 a6 6. O-O Nf6 7. dxc5 Qxd1 8.
Rxd1 Bxc5 9. Be2 Nbd7 10. a3 b6 11. b4 Be7 12. Bb2 Bb7 13. Nbd2 Rc8 14. Rac1
O-O 15. Kf1 Rxc1 16. Rxc1 Rc8 17. Rxc8+ Bxc8 18. Ne5 Bb7 19. Ndc4 Nxe5 20. Bxe5
Nd7 21. Bd6 Bd8 22. a4 Bc6 23. Nd2 Bxa4 24. Bxa6 Bf6 25. Ke2 Be5 26. Nc4 Bxd6
27. Nxd6 Kf8 28. e4 Ke7 29. Nc4 Nb8 1/2-1/2

[Event "Olomouc 2008 - IM - B"]
[Site "?"]
[Date "2008.08.07"]
[Round "11.3"]
[White "Neoral, Antonin"]
[Black "Lahiri, Atanu"]
[Result "0-1"]
[WhiteElo "2169"]
[BlackElo "2338"]
[PlyCount "66"]
[EventDate "2008.07.30"]

1. e4 e6 2. d4 d5 3. Nc3 Nc6 4. Nf3 Nf6 5. e5 Ne4 6. Bd3 Bb4 7. Bd2 Nxd2 8.
Qxd2 f6 9. a3 Ba5 10. b4 Bb6 11. Ne2 fxe5 12. dxe5 O-O 13. O-O Rxf3 14. gxf3
Nxe5 15. Qf4 Qd6 16. Qg3 Bd7 17. f4 Nxd3 18. cxd3 Rf8 19. Rfb1 Qe7 20. a4 e5
21. a5 exf4 22. Nxf4 Bd4 23. Ra2 Be5 24. Re1 Qd6 25. Rxe5 Qxe5 26. Ne2 Qf6 27.
Rc2 c6 28. f4 Qa1+ 29. Kf2 Qb1 30. Rc1 Qxb4 31. Qg1 Qe7 32. Nd4 Qf6 33. Nf3 g6
0-1

[Event "Olomouc 2008 - IM - B"]
[Site "?"]
[Date "2008.08.07"]
[Round "11.5"]
[White "Bures, Jaroslav"]
[Black "Blomqvist, Erik"]
[Result "0-1"]
[WhiteElo "2243"]
[BlackElo "2322"]
[PlyCount "110"]
[EventDate "2008.07.30"]

1. d4 d5 2. Nf3 Nf6 3. c3 g6 4. Bf4 Bg7 5. h3 O-O 6. e3 b6 7. b4 c5 8. Bd3 Bb7
9. O-O Nc6 10. Qa4 Nd7 11. Nbd2 e5 12. b5 Nxd4 13. cxd4 exf4 14. exf4 cxd4 15.
Rfd1 Nc5 16. Qa3 a6 17. Nb3 axb5 18. Qb4 Ra4 19. Qxb5 Ba6 20. Qxa4 Nxa4 21.
Bxa6 Nc3 22. Rdc1 Qa8 23. Bd3 Qa4 24. Nfd2 Ra8 25. Rc2 Qb4 26. Kf1 Bf6 27. g3
Kg7 28. Kg2 Ra3 29. Kf1 Qa4 30. Nc1 Ne4 31. Ndb3 Nc5 32. Rb2 Qd7 33. Kg2 h6 34.
Rab1 Na4 35. Rd2 Nc3 36. Rbb2 Qe6 37. Rbc2 Ra4 38. Rb2 Qd7 39. Rbc2 Ra8 40. Ne2
Qa4 41. Rb2 Re8 42. Nbc1 Qa5 43. Rdc2 Nd1 44. Rb5 Qe1 45. Ng1 Nxf2 46. Rxf2
Qxc1 47. Rxb6 Re3 48. Rb3 Rxg3+ 49. Kxg3 Qxg1+ 50. Kf3 Bh4 51. Rf1 Qe3+ 52. Kg2
Qg3+ 53. Kh1 Qxh3+ 54. Kg1 Bg3 55. Rb2 Bxf4 0-1